| 000 | 00368nam a2200157Ia 4500 | ||
|---|---|---|---|
| 008 | 210210b1968 xxu||||| |||| 00| 0 eng d | ||
| 082 | _a581.1 DATP | ||
| 100 | _aDATTA (Chittatosh) | ||
| 245 | _aPlant physiology. | ||
| 250 | _a | ||
| 260 |
_aCalcutta _bNew Central _c1968 |
||
| 300 | _axi,438 | ||
| 650 | _aPlant Physiology | ||
| 690 | _aBotany | ||
| 906 | _a030222 | ||
| 999 |
_c81406 _d81406 |
||